000 00429nam a2200121Ia 4500
008 220216s9999 xx 000 0 und d
100 _aJohn M.
245 4 _aThe performance of clone RRII 105 in Kuttanad taluk of Alleppey district
260 _bDissertation, PG Diploma in Natural Rubber Production, Kerala Agricultural University, Trichur, India, 57 p.
_c1994
650 _aClone evaluation
650 _aRRII 105
942 _cBS
999 _c52529
_d52529